MARC

LEADER 00000nam0a2200000 4500
001 123255
005 20231101215809.0
020 |a RU  |b 79-55637 
035 |a (RuTPU)RU\TPU\book\133432 
090 |a 123255 
100 |a 20071014d1979 m y0rusy5003 ca 
101 0 |a rus 
102 |a RU 
105 |a y z 000gy 
200 1 |a Дерево над водой  |e Поэтические переводы  |f В. А. Солоухин 
210 |a Москва  |c Советская Россия  |d 1979 
215 |a 368 с., портр.  |d 16 см. 
225 1 |a Мастера художественного перевода 
610 1 |a народы СССР 
610 1 |a зарубежная литература 
610 1 |a поэзия 
610 1 |a переводы 
675 |a Р2  |z rus 
700 1 |a Солоухин  |b В. А.  |c русский писатель  |f 1924-1997  |g Владимир Алексеевич  |2 stltpush  |3 (RuTPU)RU\TPU\pers\14878  |9 5031 
801 0 |a RU  |b RuMRKP  |c 19950704  |g psbo 
801 1 |a RU  |b 63413507  |c 20071014  |g PSBO 
801 2 |a RU  |b 63413507  |c 20071014  |g PSBO 
942 |c BK